000 00939cam a22002535a 4500
001 L157993
008 130927s2013 xxk f 000 0 eng d
020 _a9780711232785
035 _a(Sirsi) u157993
041 0 _aeng
050 0 4 _a696.9 $2 18
100 1 _aSuhr, Marianne
245 0 0 _aOld House Eco Handbook
_bA practical guide to retrofitting for energy efficiency and sustainability.
260 _aLondon
_bFrancis Lincoln
_c2013
300 _a191p, 27.5cm
500 _aPublished in Association with The Society for the Protection of Ancient Buildings
520 _aConsiders how to make older houses (medieval and timberframed, Georgian, Victorian or Edwardian terraces) energy efficient and sustainable.
590 _aKA
651 4 _aUnited Kingdom
690 _aSustainability
_96271
690 _aENVIRONMENTAL AND LAND CONSULTANCY-SUSTAINABILITY-SUSTAINABLE DEVELOPMENT
700 1 _aHunt, Roger
942 _n0
999 _c115062
_d115062